000 00369nam a2200157 a 4500
008 030326s1956||||xx 0 und c
040 _aSNK
_bslo
_cSNK
_eAACR2
100 1 _aKýčerský
245 1 0 _aPiesne
250 _a1. vyd.
260 _aBratislava
_bSLovenský spisovateľ
_c1956
300 _a59 s.Kýč
044 _axo
_cSK
041 _aslo
020 _c16,25
999 _c15103
_d15103